000
00322nam a2200121Ia 4500
008
241015s9999 xx 000 0 und d
041
_a
eng
082
_a
658.421 HOD
100
_a
Hugo Hodges
245
_a
Corporate Innovation: Global Perspectives
260
_b
States Academic Press
_a
USA
_c
2021
300
_a
241;. P. 27 cm
999
_c
41767
_d
41767